| 000 | 00677nac a22002051u 4500 | ||
|---|---|---|---|
| 010 | _a 83080095 | ||
| 020 | _a0915586746 | ||
| 082 | 0 | 0 |
_a686 _bMIL |
| 090 |
_c5350 _d5350 |
||
| 100 | _aMiller, Richard Kendal | ||
| 245 | 1 | 0 |
_aNoise control solutions for the printing & publishing industry / _cby Richard K. Miller. |
| 260 |
_aAtlanta, Ga. : _bFairmont Press,1984 _cc1984. |
||
| 300 |
_a114 p. : _bill. ; _c24 cm. |
||
| 500 | _adistributer: Al-Ahram | ||
| 504 | _aIncludes bibliographies. | ||
| 511 | _acatalogued by: wessam | ||
| 650 | 0 |
_aPrinting plants _xNoise. |
|
| 650 | 0 |
_aPublishers and publishing _xNoise. |
|
| 942 |
_cBB _k686MIL |
||
| 999 |
_c5350 _d5350 |
||